000 01023 a2200253 4500
001 119137
020 _a9781728250144
020 _qbroch.
041 _aeng
082 _a[E]
100 _aHay, Sam
500 _aLivro do Programa "Action-driven-discussion". Uso restrito aos professores .
520 _aWhen a little boy stumbles across a lost star, he decides to take care of it, putting it in a jar and carrying it with him everywhere. But when the sky calls out for its missing star, can the little boy and his sister figure out a way to return the star to its friends in the sky...even if it means saying goodbye forever?
697 _aBrothers and sisters
697 _aFriendship
697 _aStars - Fiction.
856 _u000034/0000343d.jpg
040 _aBR-BrIDEA
_cBR-BrIDEA
090 _aDIS Year 1 [E]
_bHAY
245 1 0 _aStar in the jar
_cSam Hay , [Illustrated by] Sarah Massini
260 _aLondon
_bSourcebooks Jabberwocky
_c2018
700 _aMassini, Sarah
_eillustrator
942 _cBK
999 _c119137
_d119137